| 000 | 00833nam a2200241 a 4500 | ||
|---|---|---|---|
| 001 | BRCA_1167 | ||
| 005 | 20190320203319.0 | ||
| 008 | 010523s1990 mx-a---###---#000-0#spa-d | ||
| 020 | _a9686258051 | ||
| 041 | _aspa | ||
| 044 | _amx | ||
| 050 | 4 |
_aN6553 _b.R66 1990 |
|
| 100 | 1 |
_aRomero de Terreros y Vinent, Manuel _cMarqués de San Francisco _d1880-1968 _9903 |
|
| 245 | 1 | 0 |
_aMiscelánea de arte colonial _cManuel Romero de Terreros ; edición Carlota Romero de Terreros de Prévoisin ; prólogo Xavier Moyssén. |
| 260 |
_aMéxico _bAlianza _c1990 |
||
| 300 |
_a238 p. _bil. a color _c32 cm. |
||
| 504 | _aBibliografía : p. 233-238 | ||
| 650 | 1 | 4 |
_aArte colonial _zMéxico _93860 |
| 653 | 0 | _aArtes decorativas | |
| 700 | 1 |
_aRomero de Terreros, Carlota _eed. _93861 |
|
| 700 | 1 |
_aMoyssén, Xavier _epról. _93862 |
|
| 942 |
_2lcc _cB |
||
| 999 |
_c1044 _d1044 |
||